Noticia instructiva del uso y operaciones de la lana (Record no. 164760)

MARC details
000 -LEADER
campo de control de longitud fija 01123nam a22002415i 4500
001 - NÚMERO DE CONTROL
campo de control 164760
003 - IDENTIFICADOR DE NÚMERO DE CONTROL
campo de control ES-MaACL
005 - FECHA Y HORA DE LA ÚLTIMA TRANSACCIÓN
campo de control 20230906213011.0
008 - DATOS DE LONGITUD FIJA--INFORMACIÓN GENERAL
campo de control de longitud fija 980117s1786 sp a |||| | spa d
040 ## - FUENTE DE CATALOGACIÓN
Centro catalogador/agencia de origen CYL
Lengua de catalogación spa
Centro/agencia transcriptor CYL
100 1# - ENTRADA PRINCIPAL--NOMBRE DE PERSONA
Nombre de persona Santos, Manuel.
9 (RLIN) 132456
245 10 - MENCIÓN DEL TÍTULO
Título Noticia instructiva del uso y operaciones de la lana
Resto del título : Para fabricar estameñas finas, sempiternas, sargas lisas y labradas, barraganes y otros texidos dobles por lo respectivo al telar angosto de pie ... /
Mención de responsabilidad, etc. Por Manuel Santos ...
260 ## - PUBLICACIÓN, DISTRIBUCIÓN, ETC.
Lugar de publicación, distribución, etc. [Madrid] :
Nombre del editor, distribuidor, etc. en la Imprenta Real,
Fecha de publicación, distribución, etc. 1786.
300 ## - DESCRIPCIÓN FÍSICA
Extensión [4], 63, 111 p., 112-117 h., 119-144 p., 9 h, de grab. pleg. :
Otras características físicas il ;
Dimensiones 23 cm.
530 ## - NOTA DISPONIBLE DE FORMULARIO FÍSICO ADICIONAL
Nota de formato físico adicional disponible Disponible en formato digital.
597 ## - NOTA DE DESCRIPCIÓN FÍSICA
NOTA DE DESCRIPCIÓN FÍSICA Sign.: [ ]², A-Z4, Aa-Cc4, Dd².
597 ## - NOTA DE DESCRIPCIÓN FÍSICA
NOTA DE DESCRIPCIÓN FÍSICA Las h. 112-117 solo impresas por una sola cara.
599 ## - NOTA A LAS ILUSTRACIONES
NOTA A LAS ILUSTRACIONES Las de grab. son calc., representaciones alusivas al texto.
650 #4 - PUNTO DE ACCESO ADICIONAL DE MATERIA--TÉRMINO DE MATERIA
Término de materia o nombre geográfico como elemento de entrada Lana.
9 (RLIN) 136337
650 04 - PUNTO DE ACCESO ADICIONAL DE MATERIA--TÉRMINO DE MATERIA
Término de materia o nombre geográfico como elemento de entrada Industria textil-
Subdivisión de forma Historia.
9 (RLIN) 13737
852 ## - LOCALIZACIÓN
Ubicación ES-MaACL
Número de control de estantería T-190-F-1
Nota libre -- Enc. hol.
856 ## - LOCALIZACIÓN Y ACCESO ELECTRÓNICOS
Identificador Uniforme de Recursos <a href="http://bdh-rd.bne.es/viewer.vm?id=0000080882&page=1 ">http://bdh-rd.bne.es/viewer.vm?id=0000080882&page=1 </a>
Nota pública Biblioteca Digital Hispánica
Holdings
Estatus retirado Estado de pérdida Estado de daño No para préstamo Colección Biblioteca de origen Biblioteca actual Ubicación en estantería Fecha de adquisición Total de préstamos Signatura topográfica completa Código de barras Visto por última vez Precio de reemplazo Tipo de ítem Koha
        Colección de folletos Biblioteca del Ateneo de Madrid Biblioteca del Ateneo de Madrid Depósito folletos 17/01/2008   T-190-F-1 1172714 23/02/2023 23/02/2023 Folleto